| 000 | 01031nam a2200301 i 4500 | ||
|---|---|---|---|
| 003 | DO-SdBNP | ||
| 005 | 20250711112714.0 | ||
| 006 | a||||ar|||| 00| 0 | ||
| 007 | ta | ||
| 008 | 240501t2023 dr a|||| |||| 00| 0 spa d | ||
| 020 | _a9789945934656 | ||
| 040 |
_aDO-SdBNP _bspa _cBNPHU _erda |
||
| 082 |
_222 _bR457t |
||
| 245 | 1 | 0 |
_aTrazos y letras: _baprendiendo con Tatica / _cGladys A. Reyes Peña; ilustración: Lia Sued. |
| 246 | 1 | 4 |
_aTrazos y letras: aprendiendo con Tatica. _b5 años, educación inicial. |
| 250 | _aVersión Cursiva | ||
| 264 | 4 |
_a[Santo Domingo] : _bAprendiendo con Tatica _c©2023 |
|
| 300 |
_a176 páginas : _bIlustraciones : _c28 cm. |
||
| 336 |
_2rdacontent _atexto _btxt |
||
| 337 |
_2rdamedia _asin mediación _bn |
||
| 338 |
_2rdacarrier _avolumen _bnc |
||
| 500 | _a5 años, Educación Inicial. | ||
| 590 | _aInventariado 2024 / MF | ||
| 650 |
_aEducación Inicial _973162 _xLibro de Texto |
||
| 650 | 0 |
_aLibros de texto _978418 |
|
| 700 | 1 |
_aSued, Lía, _978178 _eilustraciones |
|
| 942 |
_2ddc _cLBS1 |
||
| 999 |
_c56571 _d56571 |
||